|
|
|
|
| LEADER |
01564nam a2200421Ia 4500 |
| 001 |
EBC1138474 |
| 003 |
MiAaPQ |
| 005 |
20200520144314.0 |
| 006 |
m o d | |
| 007 |
cr cn||||||||| |
| 008 |
011105s2002 enk sb 001 0 eng d |
| 010 |
|
|
|z 2003275761
|
| 020 |
|
|
|z 0761966323
|
| 020 |
|
|
|z 0761966331 (PBK.)
|
| 020 |
|
|
|z 9780761966333
|
| 020 |
|
|
|z 9781446275818
|
| 035 |
|
|
|a (MiAaPQ)EBC1138474
|
| 035 |
|
|
|a (Au-PeEL)EBL1138474
|
| 035 |
|
|
|a (CaPaEBR)ebr10668471
|
| 035 |
|
|
|a (CaONFJC)MIL497023
|
| 035 |
|
|
|a (OCoLC)850198988
|
| 040 |
|
|
|a MiAaPQ
|c MiAaPQ
|d MiAaPQ
|
| 050 |
|
4 |
|a T58.64
|b .Q35 2002
|
| 082 |
0 |
4 |
|a 658.4038
|2 23
|
| 245 |
0 |
0 |
|a Qualitative research in information systems
|h [electronic resource] :
|b a reader /
|c [edited by] Michael D. Myers and David Avison.
|
| 260 |
|
|
|a London :
|b SAGE,
|c 2002.
|
| 300 |
|
|
|a x, 312 p.
|
| 490 |
0 |
|
|a Introducing qualitative methods
|
| 504 |
|
|
|a Includes bibliographical references (p. [275]-297) and indexes.
|
| 533 |
|
|
|a Electronic reproduction. Ann Arbor, MI : ProQuest, 2015. Available via World Wide Web. Access may be limited to ProQuest affiliated libraries.
|
| 650 |
|
0 |
|a Management information systems
|x Research.
|
| 650 |
|
0 |
|a Information resources management
|x Research.
|
| 650 |
|
0 |
|a Qualitative research
|x Methodology.
|
| 655 |
|
4 |
|a Electronic books.
|
| 700 |
1 |
|
|a Myers, Michael D.
|q (Michael David),
|d 1954-
|
| 700 |
1 |
|
|a Avison, D. E.
|
| 710 |
2 |
|
|a ProQuest (Firm)
|
| 856 |
4 |
0 |
|u https://ebookcentral.proquest.com/lib/matrademy/detail.action?docID=1138474
|z Click to View
|